Протестируйте себя: способности, личность, мотивация, карьера: пер. с англ.

Detaylı Bibliyografya
Yazar: Баррет Дж. Джим
Dil:Rusça
Baskı/Yayın Bilgisi: СПб., Питер, 2004
Seri Bilgileri:Практическая психология
Konular:
Materyal Türü: Kitap
KOHA link:https://koha.lib.tpu.ru/cgi-bin/koha/opac-detail.pl?biblionumber=63071

MARC

LEADER 00000nam0a2200000 4500
001 63071
005 20231031064029.0
010 |a 5947235498 
035 |a (RuTPU)RU\TPU\book\66914 
090 |a 63071 
100 |a 20040428d2004 km y0rusy50 ca 
101 1 |a rus  |c eng 
102 |a RU 
105 |a a z 000zy 
200 1 |a Протестируйте себя: способности, личность, мотивация, карьера  |e пер. с англ.  |f Дж. Баррет 
210 |a СПб.  |c Питер  |d 2004 
215 |a 253 с.  |c ил. 
225 1 |a Практическая психология 
451 1 |0 (RuTPU)RU\TPU\book\63861  |y 5-94723-549-8  |t Протестируйте себя. Способности, личность, мотивация, карьера  |o пер. с англ.  |f Дж. Баррет  |c СПб.  |n Питер  |d 2003  |p 254 с.  |s Практическая психология  |a Баррет, Джим 
610 1 |a психология 
610 1 |a социальная психология 
610 1 |a практическая психология 
610 1 |a тесты 
610 1 |a тесты психологические 
610 1 |a способности 
610 1 |a личность 
610 1 |a мотивация 
610 1 |a карьера 
686 |a Ю95  |v LBC/SL-A  |2 rubbk 
700 1 |a Баррет  |b Дж.  |g Джим 
801 1 |a RU  |b 63413507  |c 20040428  |g PSBO 
801 2 |a RU  |b 63413507  |c 20120409  |g PSBO 
900 |a Психодиагностика 
942 |c BK